[Event "Welsh Open Chess Championship"]
[Site "Mercure Cardiff North Hotel, Circle Way East, Llanedeyrn, Cardiff CF23 9XF"]
[Date "2024.03.31"]
[Round "5"]
[Board "1"]
[White "Honey, Luke"]
[Black "Thomas, Roy"]
[Result "1-0"]
[WhiteElo "1939"]
[BlackElo "1804"]
[PlyCount "65"]
[EventDate "2024.03.29"]
[EventType "swiss"]
[EventRounds "7"]
[EventCountry "WLS"]

1. e4 c5 {[%emt 0:25:56]} 2. Nf3 Nc6 {[%emt 0:00:09]} 3. Bb5 {[%emt 0:00:55]} g6 {[%emt 0:03:14]} 4. O-O {[%emt 0:01:11]} Bg7 {[%emt 0:00:04]} 5. Nc3 {[%emt 0:01:28]} Nd4 {[%emt 0:02:57]} 6. a4 {[%emt 0:05:52]} Nxb5 {[%emt 0:06:26]} 7. axb5 {[%emt 0:00:45]} e5 {[%emt 0:14:17]} 8. d3 {[%emt 0:04:24]} Ne7 {[%emt 0:03:32]} 9. Be3 {[%emt 0:01:55]} b6 {[%emt 0:06:22]} 10. Nd2 {[%emt 0:03:23]} d5 {[%emt 0:04:32]} 11. exd5 {[%emt 0:02:29]} Nxd5 {[%emt 0:00:09]} 12. Nc4 {[%emt 0:08:41]} Nxc3 {[%emt 0:12:42]} 13. bxc3 {[%emt 0:00:08]} O-O {[%emt 0:00:26]} 14. Qe2 {[%emt 0:14:18]} Be6 {[%emt 0:03:59]} 15. Nd2 {[%emt 0:01:00]} Qd7 {[%emt 0:05:13]} 16. Rab1 {[%emt 0:02:45]} f5 {[%emt 0:01:28]} 17. f3 {[%emt 0:01:05]} Qb7 {[%emt 0:06:07]} 18. c4 {[%emt 0:01:47]} Rfe8 {[%emt 0:01:30]} 19. Bf2 {[%emt 0:01:21]} Rad8 {[%emt 0:00:52]} 20. Rfe1 {[%emt 0:01:52]} Bf7 {[%emt 0:00:16]} 21. Rb3 {[%emt 0:01:30]} a5 {[%emt 0:01:54]} 22. bxa6 {[%emt 0:00:34]} Qxa6 {[%emt 0:00:05]} 23. Reb1 {[%emt 0:00:19]} Re6 {[%emt 0:01:23]} 24. Qf1 {[%emt 0:02:53]} e4 {[%emt 0:01:14]} 25. fxe4 {[%emt 0:02:39]} fxe4 {[%emt 0:00:19]} 26. Nxe4 {[%emt 0:00:55]} Rxe4 {[%emt 0:00:39]} 27. Rxb6 {[%emt 0:00:32]} Qa4 {[%emt 0:12:55]} 28. dxe4 {[%emt 0:00:36]} Bxc4 {[%emt 0:00:08]} 29. Qc1 {[%emt 0:04:43]} Ba2 {[%emt 0:00:26]} 30. Rb8 {[%emt 0:01:08]} Rxb8 {[%emt 0:02:24]} 31. Rxb8+ {[%emt 0:00:11]} Kf7 {[%emt 0:00:35]} 32. Qf4+ {[%emt 0:00:51]} Ke6 {[%emt 0:02:40]} 33. Rb6+ {[%emt 0:00:50]} 1-0

[Event "Welsh Open Chess Championship"]
[Site "Mercure Cardiff North Hotel, Circle Way East, Llanedeyrn, Cardiff CF23 9XF"]
[Date "2024.03.31"]
[Round "5"]
[Board "2"]
[White "Roberts, David L"]
[Black "Mckenna, Joshua"]
[Result "1/2-1/2"]
[WhiteElo "1972"]
[BlackElo "1699"]
[PlyCount "120"]
[EventDate "2024.03.29"]
[EventType "swiss"]
[EventRounds "7"]
[EventCountry "WLS"]

1. e4 c6 2. Nf3 d5 3. Nc3 dxe4 4. Nxe4 Nf6 5. Nxf6+ exf6 6. g3 Bd6 7. Bg2 {[%emt 0:29:35]} O-O 8. O-O Bg4 9. d4 {[%emt 0:06:24]} Re8 10. Re1 {[%emt 0:05:52]} Nd7 11. c3 {[%emt 0:10:02]} Nf8 12. Bd2 {[%emt 0:05:45]} Qb6 13. Qb3 {[%emt 0:09:12]} Qxb3 14. axb3 {[%emt 0:04:21]} Be6 15. c4 {[%emt 0:03:12]} a6 16. Be3 {[%emt 0:11:22]} Bb4 17. Red1 {[%emt 0:05:28]} Rad8 18. Bd2 {[%emt 0:06:59]} Bd6 19. Ba5 {[%emt 0:10:01]} Rd7 20. Rac1 {[%emt 0:05:27]} Bc7 21. Bxc7 {[%emt 0:03:43]} Rxc7 22. b4 {[%emt 0:01:09]} Rd8 23. Ne1 {[%emt 0:08:57]} Rcd7 24. d5 {[%emt 0:07:18]} cxd5 25. c5 {[%emt 0:03:00]} Ng6 26. Rd4 Ne5 27. b5 axb5 28. Bf1 Nc6 29. Rf4 b4 30. Bb5 d4 31. Nd3 Rc7 32. Bxc6 Rxc6 33. Nxb4 Rc7 34. Nd3 f5 35. h4 h6 36. h5 g5 37. hxg6 fxg6 38. Rh4 {[%emt 0:59:28]} h5 39. f3 {[%emt 0:06:10]} Bf7 40. b4 {[%emt 0:03:27]} Be8 41. Rd1 {[%emt 0:05:59]} Bb5 42. Kf2 Kg7 43. Ne5 Kf6 44. f4 Rcc8 45. Rhh1 {[%emt 0:29:26]} Ra8 46. Ra1 Rxa1 47. Rxa1 {[%emt 0:20:24]} g5 48. Nf3 gxf4 49. gxf4 d3 50. Rd1 Ba4 51. Rd2 Bc2 52. Ke3 Re8+ 53. Ne5 h4 54. b5 h3 55. c6 bxc6 56. bxc6 Ke6 57. Nxd3 Bxd3 58. Rxd3 h2 59. Rd1 h1=Q 60. Rxh1 Kd6+ 1/2-1/2

[Event "Welsh Open Chess Championship"]
[Site "Mercure Cardiff North Hotel, Circle Way East, Llanedeyrn, Cardiff CF23 9XF"]
[Date "2024.03.31"]
[Round "5"]
[Board "3"]
[White "Whittington, Reece W"]
[Black "Gibbs, Dominic V"]
[Result "1-0"]
[WhiteElo "1791"]
[BlackElo "1938"]
[PlyCount "103"]
[EventDate "2024.03.29"]
[EventType "swiss"]
[EventRounds "7"]
[EventCountry "WLS"]

1. d4 e6 2. Nf3 Nf6 3. c4 c5 4. g3 b6 5. Nc3 {[%emt 0:27:33]} cxd4 6. Qxd4 {[%emt 0:04:31]} Bb7 7. Bg2 {[%emt 0:02:31]} d6 8. O-O {[%emt 0:03:03]} Be7 9. b3 {[%emt 0:02:44]} a6 10. Rd1 {[%emt 0:06:28]} Nc6 11. Qd2 {[%emt 0:00:59]} Qc7 12. Bb2 {[%emt 0:07:04]} O-O {[%emt 0:00:47]} 13. e4 {[%emt 0:03:48]} Rfd8 {[%emt 0:02:55]} 14. Qe2 {[%emt 0:00:41]} Rac8 {[%emt 0:11:28]} 15. Rac1 {[%emt 0:05:22]} Nb8 {[%emt 0:01:25]} 16. Nd4 {[%emt 0:07:51]} Nbd7 {[%emt 0:01:21]} 17. Na4 {[%emt 0:12:03]} Nc5 {[%emt 0:02:04]} 18. Nxc5 {[%emt 0:00:58]} bxc5 {[%emt 0:00:16]} 19. Nc2 {[%emt 0:00:18]} Bc6 {[%emt 0:03:33]} 20. e5 {[%emt 0:03:18]} dxe5 {[%emt 0:01:14]} 21. Bxe5 {[%emt 0:00:56]} Qb7 {[%emt 0:01:30]} 22. Bxc6 {[%emt 0:03:38]} Qxc6 {[%emt 0:00:15]} 23. Ne1 {[%emt 0:00:21]} h6 {[%emt 0:11:46]} 24. Nf3 {[%emt 0:02:49]} Qe4 {[%emt 0:05:04]} 25. Qxe4 {[%emt 0:03:29]} Nxe4 {[%emt 0:00:13]} 26. Bb2 {[%emt 0:02:02]} f6 {[%emt 0:01:18]} 27. Ne1 {[%emt 0:02:37]} Kf7 {[%emt 0:05:49]} 28. f3 {[%emt 0:01:10]} Nd6 {[%emt 0:00:56]} 29. Nd3 {[%emt 0:01:07]} Nf5 {[%emt 0:01:48]} 30. Kf2 {[%emt 0:00:38]} h5 {[%emt 0:02:26]} 31. h4 {[%emt 0:06:06]} Rc7 {[%emt 0:20:15]} 32. Bc3 {[%emt 0:03:26]} Rcd7 {[%emt 0:01:16]} 33. Nb2 {[%emt 0:03:20]} Rxd1 {[%emt 0:01:43]} 34. Rxd1 {[%emt 0:00:10]} Rxd1 {[%emt 0:00:07]} 35. Nxd1 {[%emt 0:00:05]} g5 {[%emt 0:00:12]} 36. hxg5 {[%emt 0:00:56]} fxg5 {[%emt 0:00:04]} 37. g4 {[%emt 0:03:07]} hxg4 {[%emt 0:01:01]} 38. fxg4 {[%emt 0:00:05]} Nh4 {[%emt 0:02:30]} 39. a3 {[%emt 0:02:28]} Ng6 {[%emt 0:00:09]} 40. Kf3 {[%emt 0:01:21]} Nf4 {[%emt 0:04:29]} 41. Nf2 {[%emt 0:00:49]} Ke8 {[%emt 0:01:12]} 42. Ne4 {[%emt 0:00:15]} Nd3 {[%emt 0:02:23]} 43. Bd2 {[%emt 0:02:18]} Kd7 {[%emt 0:09:57]} 44. Bxg5 {[%emt 0:05:31]} Bf8 {[%emt 0:01:55]} 45. Bf6 {[%emt 0:02:18]} Ne1+ {[%emt 0:00:21]} 46. Ke2 {[%emt 0:00:39]} Nc2 {[%emt 0:00:07]} 47. g5 {[%emt 0:01:00]} Nd4+ {[%emt 0:02:16]} 48. Kd3 {[%emt 0:03:15]} Nf5 {[%emt 0:05:20]} 49. g6 {[%emt 0:01:04]} Nh6 {[%emt 0:02:26]} 50. g7 {[%emt 0:03:54]} Bd6 {[%emt 0:00:19]} 51. Bg5 {[%emt 0:00:36]} Ng8 {[%emt 0:00:12]} 52. Nf6+ {[%emt 0:00:06]} 1-0

[Event "Welsh Open Chess Championship"]
[Site "Mercure Cardiff North Hotel, Circle Way East, Llanedeyrn, Cardiff CF23 9XF"]
[Date "2024.03.31"]
[Round "5"]
[Board "4"]
[White "Thomas, Mark"]
[Black "Di-Vetta, Andrew"]
[Result "1-0"]
[WhiteElo "1876"]
[BlackElo "1783"]
[PlyCount "87"]
[EventDate "2024.03.29"]
[EventType "swiss"]
[EventRounds "7"]
[EventCountry "WLS"]

1. e4 c6 2. Nc3 d5 3. Nf3 Nf6 4. e5 Ne4 5. d3 Nxc3 6. bxc3 Bg4 7. d4 e6 8. Bd3 Nd7 9. O-O b5 10. a4 {[%emt 0:30:39]} a6 11. Bd2 {[%emt 0:01:50]} Nb6 12. axb5 {[%emt 0:01:15]} axb5 13. Qe2 {[%emt 0:00:20]} Nc4 14. Bf4 {[%emt 0:03:23]} Be7 15. h3 {[%emt 0:00:46]} Bh5 16. g4 {[%emt 0:01:11]} Bg6 17. Rxa8 {[%emt 0:00:45]} Qxa8 18. h4 {[%emt 0:00:15]} Qa5 19. h5 {[%emt 0:06:56]} Bxd3 20. cxd3 {[%emt 0:03:04]} Nb6 21. Qc2 {[%emt 0:01:11]} h6 22. Bd2 {[%emt 0:02:09]} Qa6 23. Rb1 {[%emt 0:03:01]} g6 24. hxg6 {[%emt 0:01:14]} fxg6 25. c4 {[%emt 0:00:30]} Kf7 26. cxb5 {[%emt 0:06:36]} cxb5 27. Qb3 {[%emt 0:00:42]} b4 28. Bxb4 {[%emt 0:02:29]} Nc8 29. Bc5 {[%emt 0:06:21]} g5 30. Kg2 {[%emt 0:03:47]} Re8 31. Nh2 {[%emt 0:04:49]} Kg6 32. Nf1 {[%emt 0:02:02]} Bd8 33. Ng3 {[%emt 0:09:50]} Ne7 34. Nh5 {[%emt 0:03:25]} Nc6 35. Qb7 {[%emt 0:13:13]} Qxb7 36. Rxb7 {[%emt 0:00:15]} Rg8 37. Kf1 {[%emt 0:03:29]} Ba5 {[%emt 0:01:09]} 38. Ke2 {[%emt 0:00:21]} Nd8 {[%emt 0:02:05]} 39. Rd7 {[%emt 0:02:08]} Bc3 {[%emt 0:03:35]} 40. Ke3 {[%emt 0:00:49]} Bb2 {[%emt 0:03:41]} 41. Bb6 {[%emt 0:00:54]} Nf7 {[%emt 0:01:43]} 42. Re7 {[%emt 0:00:38]} Bc1+ {[%emt 0:01:18]} 43. Ke2 {[%emt 0:00:11]} Nd8 {[%emt 0:00:42]} 44. Bxd8 {[%emt 0:00:14]} 1-0

[Event "Welsh Open Chess Championship"]
[Site "Mercure Cardiff North Hotel, Circle Way East, Llanedeyrn, Cardiff CF23 9XF"]
[Date "2024.03.31"]
[Round "5"]
[Board "5"]
[White "Mba, Reginald"]
[Black "McGhee, David"]
[Result "0-1"]
[WhiteElo "1855"]
[BlackElo "1754"]
[PlyCount "76"]
[EventDate "2024.03.29"]
[EventType "swiss"]
[EventRounds "7"]
[EventCountry "WLS"]

1. e4 c5 2. Nf3 d6 3. Bb5+ Nd7 4. c3 Ngf6 5. Qe2 a6 6. Ba4 b5 7. Bc2 Bb7 8. d4 cxd4 9. cxd4 e6 10. O-O Qc7 11. a4 Rc8 12. Bd3 Be7 13. axb5 axb5 14. b4 d5 15. exd5 Qxc1 16. Rxc1 Rxc1+ 17. Ne1 Bxb4 18. Nd2 Rxa1 19. dxe6 O-O 20. exd7 Nxd7 21. f3 Nf6 22. Bxb5 Ra2 23. Nd3 Rxd2 24. Qe5 Ra8 25. h4 Bxf3 26. Nf4 Ra1+ 27. Bf1 Rdd1 28. Qb8+ Bf8 29. gxf3 Rxf1+ 30. Kg2 Rfd1 31. Qb2 Ra4 32. Ne2 Rd3 33. Qc2 Raa3 34. f4 h6 35. Qb2 Nd5 36. Qb5 Nb4 37. f5 Ra2 38. Kf2 Rdd2 0-1

[Event "Welsh Open Chess Championship"]
[Site "Mercure Cardiff North Hotel, Circle Way East, Llanedeyrn, Cardiff CF23 9XF"]
[Date "2024.03.31"]
[Round "5"]
[Board "6"]
[White "Blackmore, Simon"]
[Black "Jones, Steve"]
[Result "0-1"]
[WhiteElo "1749"]
[BlackElo "1791"]
[PlyCount "50"]
[EventDate "2024.03.29"]
[EventType "swiss"]
[EventRounds "7"]
[EventCountry "WLS"]

1. e4 c5 2. Nf3 d6 3. d4 cxd4 4. c3 a6 5. Nxd4 Nf6 6. Nd2 g6 7. Bc4 b5 8. Bb3 Bb7 9. Qe2 Qb6 10. O-O Bg7 11. Re1 O-O 12. Bc2 {[%emt 1:09:51]} Nbd7 13. N2f3 {[%emt 0:02:36]} Rac8 14. Be3 {[%emt 0:02:55]} Qc7 15. Bg5 {[%emt 0:03:07]} b4 16. e5 {[%emt 0:05:29]} dxe5 17. Nxe5 {[%emt 0:12:30]} Nxe5 18. Qxe5 {[%emt 0:02:06]} Qxe5 19. Rxe5 {[%emt 0:01:40]} Nd5 20. Ree1 {[%emt 0:08:59]} Bxd4 21. Bxe7 {[%emt 0:02:20]} Rfe8 22. Ba4 {[%emt 0:05:32]} Rxe7 23. cxd4 {[%emt 0:06:01]} Rec7 24. Bb3 {[%emt 0:07:37]} Nf4 25. f3 {[%emt 0:01:42]} Nd3 0-1

[Event "Welsh Open Chess Championship"]
[Site "Mercure Cardiff North Hotel, Circle Way East, Llanedeyrn, Cardiff CF23 9XF"]
[Date "2024.03.31"]
[Round "5"]
[Board "7"]
[White "Beeston, Darson"]
[Black "Wilkins, Zack"]
[Result "1-0"]
[WhiteElo "1801"]
[BlackElo "1615"]
[PlyCount "57"]
[EventDate "2024.03.29"]
[EventType "swiss"]
[EventRounds "7"]
[EventCountry "WLS"]

1. e4 {[%emt 0:00:06]} e5 {[%emt 0:00:11]} 2. Nf3 {[%emt 0:00:06]} Nc6 {[%emt 0:00:02]} 3. Bb5 {[%emt 0:00:06]} a6 {[%emt 0:00:02]} 4. Bxc6 {[%emt 0:01:26]} dxc6 {[%emt 0:00:05]} 5. d4 {[%emt 0:01:39]} exd4 {[%emt 0:02:46]} 6. Qxd4 {[%emt 0:00:06]} Qxd4 {[%emt 0:00:47]} 7. Nxd4 {[%emt 0:01:00]} Bc5 {[%emt 0:07:53]} 8. Be3 {[%emt 0:00:07]} Nf6 {[%emt 0:05:19]} 9. f3 {[%emt 0:01:50]} O-O {[%emt 0:08:29]} 10. Nc3 {[%emt 0:00:32]} Nd7 {[%emt 0:03:34]} 11. O-O-O {[%emt 0:01:36]} Ne5 {[%emt 0:00:45]} 12. Nf5 {[%emt 0:00:52]} Bb4 {[%emt 0:05:31]} 13. Bd4 {[%emt 0:03:19]} f6 {[%emt 0:05:27]} 14. a3 {[%emt 0:00:52]} Ba5 {[%emt 0:03:37]} 15. Na4 {[%emt 0:06:25]} b5 {[%emt 0:03:51]} 16. Nc5 {[%emt 0:06:01]} Re8 {[%emt 0:04:08]} 17. Nb3 {[%emt 0:11:22]} Bb6 {[%emt 0:05:10]} 18. Bxb6 {[%emt 0:00:36]} cxb6 {[%emt 0:00:05]} 19. Nd6 {[%emt 0:00:07]} Rd8 {[%emt 0:00:54]} 20. Nxc8 {[%emt 0:00:28]} Raxc8 {[%emt 0:00:03]} 21. Nd4 {[%emt 0:00:26]} Nc4 {[%emt 0:03:47]} 22. Nf5 {[%emt 0:00:20]} Kf7 {[%emt 0:01:46]} 23. b3 {[%emt 0:06:54]} Ne5 {[%emt 0:02:05]} 24. Nd6+ {[%emt 0:00:18]} Rxd6 {[%emt 0:01:04]} 25. Rxd6 {[%emt 0:00:07]} Ke7 {[%emt 0:01:03]} 26. Rhd1 {[%emt 0:00:14]} a5 {[%emt 0:01:06]} 27. h3 {[%emt 0:00:26]} a4 {[%emt 0:00:21]} 28. f4 {[%emt 0:00:40]} Nf7 {[%emt 0:00:31]} 29. Rd7+ {[%emt 0:00:12]} 1-0

[Event "Welsh Open Chess Championship"]
[Site "Mercure Cardiff North Hotel, Circle Way East, Llanedeyrn, Cardiff CF23 9XF"]
[Date "2024.03.31"]
[Round "5"]
[Board "9"]
[White "Hurn, Robert AJ"]
[Black "Probert, Malcolm"]
[Result "1/2-1/2"]
[WhiteElo "1711"]
[BlackElo "1728"]
[PlyCount "55"]
[EventDate "2024.03.29"]
[EventType "swiss"]
[EventRounds "7"]
[EventCountry "WLS"]

1. d4 {[%emt 0:00:11]} d5 {[%emt 0:00:09]} 2. c4 {[%emt 0:00:06]} c6 {[%emt 0:00:06]} 3. Nc3 {[%emt 0:00:04]} Nf6 {[%emt 0:00:09]} 4. e3 {[%emt 0:00:04]} g6 {[%emt 0:00:13]} 5. Nf3 {[%emt 0:01:58]} Bg7 {[%emt 0:00:23]} 6. Be2 {[%emt 0:00:46]} O-O {[%emt 0:00:32]} 7. O-O {[%emt 0:00:30]} Be6 {[%emt 0:02:14]} 8. cxd5 {[%emt 0:04:14]} Nxd5 {[%emt 0:00:38]} 9. e4 {[%emt 0:01:12]} Nxc3 {[%emt 0:03:02]} 10. bxc3 {[%emt 0:00:10]} Qc7 {[%emt 0:04:06]} 11. Qc2 {[%emt 0:02:10]} f6 {[%emt 0:05:03]} 12. Be3 {[%emt 0:00:49]} Bf7 {[%emt 0:00:20]} 13. Rfe1 {[%emt 0:07:30]} Nd7 {[%emt 0:00:22]} 14. g3 {[%emt 0:07:16]} e5 {[%emt 0:08:03]} 15. Rad1 {[%emt 0:06:59]} b5 {[%emt 0:05:47]} 16. a4 {[%emt 0:03:16]} a6 {[%emt 0:00:30]} 17. axb5 {[%emt 0:00:45]} cxb5 {[%emt 0:00:12]} 18. d5 {[%emt 0:03:36]} Nb6 {[%emt 0:02:14]} 19. Nd2 {[%emt 0:02:21]} Rfc8 {[%emt 0:03:59]} 20. Nb1 {[%emt 0:01:12]} Nc4 {[%emt 0:04:15]} 21. Bc1 {[%emt 0:01:36]} Nd6 {[%emt 0:00:22]} 22. Ba3 {[%emt 0:03:09]} Nb7 {[%emt 0:05:56]} 23. Rc1 {[%emt 0:02:00]} Bf8 {[%emt 0:02:31]} 24. Bb2 {[%emt 0:01:15]} Bc5 {[%emt 0:05:11]} 25. Kg2 {[%emt 0:00:51]} Nd6 {[%emt 0:01:04]} 26. Bd3 {[%emt 0:01:54]} Qb6 {[%emt 0:00:24]} 27. Qe2 {[%emt 0:02:30]} a5 {[%emt 0:02:52]} 28. Qf3 {[%emt 0:03:47]} 1/2-1/2

[Event "Welsh Open Chess Championship"]
[Site "Mercure Cardiff North Hotel, Circle Way East, Llanedeyrn, Cardiff CF23 9XF"]
[Date "2024.03.31"]
[Round "5"]
[Board "10"]
[White "Williams, John A"]
[Black "Browse, Joseph"]
[Result "0-1"]
[WhiteElo "1633"]
[BlackElo "1726"]
[PlyCount "56"]
[EventDate "2024.03.29"]
[EventType "swiss"]
[EventRounds "7"]
[EventCountry "WLS"]

1. b3 {[%emt 0:00:11]} b6 {[%emt 0:01:33]} 2. Bb2 {[%emt 0:00:42]} Bb7 {[%emt 0:00:14]} 3. e3 {[%emt 0:01:13]} e6 {[%emt 0:00:46]} 4. Nf3 {[%emt 0:01:11]} d6 {[%emt 0:01:24]} 5. d4 {[%emt 0:02:19]} Nd7 {[%emt 0:00:37]} 6. Be2 {[%emt 0:01:15]} g6 {[%emt 0:02:00]} 7. d5 {[%emt 0:05:22]} e5 {[%emt 0:00:10]} 8. e4 {[%emt 0:11:28]} Bg7 {[%emt 0:02:40]} 9. h4 {[%emt 0:11:49]} h6 {[%emt 0:02:04]} 10. h5 {[%emt 0:01:54]} g5 {[%emt 0:00:25]} 11. g4 {[%emt 0:00:28]} Ne7 {[%emt 0:08:09]} 12. Bb5 {[%emt 0:04:48]} O-O {[%emt 0:03:14]} 13. Bc1 {[%emt 0:05:51]} a6 {[%emt 0:08:43]} 14. Bxd7 {[%emt 0:04:44]} Qxd7 {[%emt 0:00:23]} 15. Nh2 {[%emt 0:01:24]} c6 {[%emt 0:05:22]} 16. c4 {[%emt 0:03:12]} cxd5 {[%emt 0:04:50]} 17. cxd5 {[%emt 0:00:14]} Nxd5 {[%emt 0:02:25]} 18. Bxg5 {[%emt 0:05:59]} hxg5 {[%emt 0:00:53]} 19. h6 {[%emt 0:00:20]} Nf4 {[%emt 0:02:27]} 20. hxg7 {[%emt 0:00:42]} Kxg7 {[%emt 0:00:06]} 21. Nc3 {[%emt 0:01:31]} Rh8 {[%emt 0:04:35]} 22. Qf3 {[%emt 0:04:59]} Rh3 {[%emt 0:01:26]} 23. Qd1 {[%emt 0:02:54]} Rxc3 {[%emt 0:00:16]} 24. Nf3 {[%emt 0:00:07]} Qxg4 {[%emt 0:06:56]} 25. Qxd6 {[%emt 0:00:45]} Ng6 {[%emt 0:01:50]} 26. Nxe5 {[%emt 0:04:54]} Qxe4+ {[%emt 0:00:12]} 27. Kf1 {[%emt 0:00:32]} Qxh1+ {[%emt 0:00:15]} 28. Ke2 {[%emt 0:00:35]} Qe4+ {[%emt 0:00:53]} 0-1

[Event "Welsh Open Chess Championship"]
[Site "Mercure Cardiff North Hotel, Circle Way East, Llanedeyrn, Cardiff CF23 9XF"]
[Date "2024.03.31"]
[Round "5"]
[Board "11"]
[White "Murthy, Arush"]
[Black "Funmilayo, Feyikemi Anthony"]
[Result "1-0"]
[WhiteElo "1526"]
[BlackElo "1950"]
[PlyCount "61"]
[EventDate "2024.03.29"]
[EventType "swiss"]
[EventRounds "7"]
[EventCountry "WLS"]

1. d4 Nf6 {[%emt 0:00:46]} 2. c4 {[%emt 0:00:06]} d5 {[%emt 0:00:42]} 3. cxd5 {[%emt 0:00:07]} Nxd5 {[%emt 0:00:21]} 4. e4 {[%emt 0:00:10]} Nf6 {[%emt 0:00:18]} 5. Nc3 {[%emt 0:00:08]} e6 {[%emt 0:00:05]} 6. Bd3 {[%emt 0:00:53]} Be7 {[%emt 0:00:45]} 7. Nf3 {[%emt 0:00:23]} O-O {[%emt 0:00:17]} 8. O-O {[%emt 0:00:35]} c5 {[%emt 0:00:14]} 9. dxc5 {[%emt 0:01:20]} Bxc5 {[%emt 0:00:19]} 10. e5 {[%emt 0:01:15]} Nd5 {[%emt 0:01:06]} 11. Bxh7+ {[%emt 0:04:54]} Kh8 {[%emt 0:02:09]} 12. Ng5 {[%emt 0:06:22]} g6 {[%emt 0:01:00]} 13. Qg4 {[%emt 0:05:51]} Kg7 {[%emt 0:06:13]} 14. Qh4 {[%emt 0:10:00]} f6 {[%emt 0:01:12]} 15. Nge4 {[%emt 0:22:38]} Qb6 {[%emt 0:04:26]} 16. Bh6+ {[%emt 0:05:38]} Kf7 {[%emt 0:00:56]} 17. Nxd5 {[%emt 0:00:33]} exd5 {[%emt 0:00:14]} 18. Nxc5 {[%emt 0:00:39]} Bf5 {[%emt 0:03:22]} 19. Bxf8 {[%emt 0:02:12]} Kxf8 {[%emt 0:00:25]} 20. Nxb7 {[%emt 0:02:00]} Nd7 {[%emt 0:00:43]} 21. Qh6+ {[%emt 0:00:38]} Ke8 {[%emt 0:01:55]} 22. Bxg6+ {[%emt 0:00:26]} Bxg6 {[%emt 0:00:33]} 23. Qxg6+ {[%emt 0:00:07]} Kf8 {[%emt 0:00:59]} 24. e6 {[%emt 0:00:52]} Qxe6 {[%emt 0:00:24]} 25. Rfe1 {[%emt 0:01:04]} Ne5 {[%emt 0:00:34]} 26. Qh6+ {[%emt 0:00:38]} Kg8 {[%emt 0:01:08]} 27. Qe3 {[%emt 0:01:17]} Qc6 {[%emt 0:00:31]} 28. Nc5 {[%emt 0:00:43]} Kf7 {[%emt 0:01:07]} 29. Nd3 {[%emt 0:00:36]} Ng6 {[%emt 0:00:49]} 30. Rac1 {[%emt 0:00:57]} Qd7 {[%emt 0:01:12]} 31. Qg3 {[%emt 0:01:00]} 1-0

[Event "Welsh Open Chess Championship"]
[Site "Mercure Cardiff North Hotel, Circle Way East, Llanedeyrn, Cardiff CF23 9XF"]
[Date "2024.03.31"]
[Round "5"]
[Board "12"]
[White "Williams, Stephen"]
[Black "Prabhu, Vismith"]
[Result "1/2-1/2"]
[WhiteElo "1701"]
[BlackElo "1590"]
[PlyCount "40"]
[EventDate "2024.03.29"]
[EventType "swiss"]
[EventRounds "7"]
[EventCountry "WLS"]

1. e4 {[%emt 0:01:33]} c5 {[%emt 0:00:07]} 2. Nc3 {[%emt 0:00:22]} e6 {[%emt 0:00:08]} 3. f4 {[%emt 0:00:15]} d5 {[%emt 0:00:11]} 4. Nf3 {[%emt 0:00:12]} dxe4 {[%emt 0:00:31]} 5. Nxe4 {[%emt 0:01:39]} Nc6 {[%emt 0:00:29]} 6. Bb5 {[%emt 0:00:41]} Bd7 {[%emt 0:00:26]} 7. Qe2 {[%emt 0:00:55]} Nf6 {[%emt 0:06:33]} 8. f5 {[%emt 0:03:03]} Nxe4 {[%emt 0:02:37]} 9. Qxe4 {[%emt 0:01:36]} Be7 {[%emt 0:04:28]} 10. fxe6 {[%emt 0:01:11]} Bxe6 {[%emt 0:00:14]} 11. Bxc6+ {[%emt 0:00:55]} bxc6 {[%emt 0:00:05]} 12. Qxc6+ {[%emt 0:00:32]} Bd7 {[%emt 0:00:06]} 13. Qd5 {[%emt 0:02:34]} O-O {[%emt 0:00:34]} 14. Ne5 {[%emt 0:01:23]} Be6 {[%emt 0:02:49]} 15. Qxd8 {[%emt 0:00:24]} Bxd8 {[%emt 0:00:29]} 16. d3 {[%emt 0:01:32]} Bf6 {[%emt 0:01:58]} 17. Nf3 {[%emt 0:03:50]} Rab8 {[%emt 0:05:45]} 18. c3 {[%emt 0:07:37]} Bf5 {[%emt 0:10:50]} 19. d4 {[%emt 0:03:11]} cxd4 {[%emt 0:22:55]} 20. cxd4 {[%emt 0:02:41]} Be4 {[%emt 0:06:41]} 1/2-1/2